Multiple Choice City Quiz - San Juan - Statistics

General Stats
  • This quiz has been taken 10 times
  • The average score is 7 of 10
Answer Stats
Question Answer % Correct
Who founded the city in 1508? Juan Ponce de León
86%
What San Juan native sings "Livin' la Vida Loca"? Ricky Martin
86%
What is Mofongo? A dish made of plantains
71%
What is El Yunque National Forest known for? Being the only tropical rainforest in the United States
71%
What hurricane devastated San Juan in 2017, resulting in thousands of deaths? Hurricane Maria
71%
What is the closest national capital to San Juan? Santo Domingo
71%
Which of these statements about the Cathedral of San Juan is FALSE? Foreigners are banned from entering
57%
Which of these is NOT a city in the San Juan metropolitan area? Toluca
57%
What animal is depicted on the city flag? Lamb
43%
What drink was created at the Caribe Hilton Hotel in 1954? Piña Colada
43%
No matching quizzes found
Score Distribution
Percent of People with Each Score
Percentile by Number Answered
Your Score History
You have not taken this quiz